The North American continent during Cambrian time / (Record no. 24497)

MARC details
000 -LEADER
fixed length control field 00870cam a22002411 4500
001 - CONTROL NUMBER
control field gs 06001021
003 - CONTROL NUMBER IDENTIFIER
control field DLC
005 - DATE AND TIME OF LATEST TRANSACTION
control field 20260227111304.0
008 - FIXED-LENGTH DATA ELEMENTS--GENERAL INFORMATION
fixed length control field 770117s1892 dcua f000 0 eng c
010 ## - LIBRARY OF CONGRESS CONTROL NUMBER
LC control number gs 06001021
035 ## - SYSTEM CONTROL NUMBER
System control number (OCoLC)2683129
040 ## - CATALOGING SOURCE
Original cataloging agency U.S. Geol. survey. Lib.
Transcribing agency WKenU
Modifying agency DLC
042 ## - AUTHENTICATION CODE
Authentication code premarc
050 00 - LIBRARY OF CONGRESS CALL NUMBER
Classification number QE656
Item number .W2
100 1# - MAIN ENTRY--PERSONAL NAME
Personal name Walcott, Charles D.
Fuller form of name (Charles Doolittle),
Dates associated with a name 1850-1927.
245 14 - TITLE STATEMENT
Title The North American continent during Cambrian time /
Statement of responsibility, etc. by Charles D. Walcott.
260 ## - PUBLICATION, DISTRIBUTION, ETC.
Place of publication, distribution, etc. Washington,
Name of publisher, distributor, etc. Gov't. print. off.,
Date of publication, distribution, etc. 1892.
300 ## - PHYSICAL DESCRIPTION
Extent 523-568 p.
Other physical details pl. XLII-XLV (incl. double maps) diagrs.
Dimensions 31 cm.
500 ## - GENERAL NOTE
General note Cover title.
500 ## - GENERAL NOTE
General note Extract from the 12th annual report of the director of the U.S. Geological survey, 1890-91, pt. I.
650 #0 - SUBJECT ADDED ENTRY--TOPICAL TERM
Topical term or geographic name entry element Geology, Stratigraphic
Chronological subdivision Cambrian.
650 #0 - SUBJECT ADDED ENTRY--TOPICAL TERM
Topical term or geographic name entry element Geology
Geographic subdivision North America.

No items available.

Powered by Koha